000 00700nam a2200229Ia 4500
005 20230831151800.0
008 210716s2009 xx 000 0 und d
020 _a9780230636415
040 _cAIMIT LIBRARY
041 _aeng
082 _a368.3
_21
_bPATK
100 _aPatukale, Kshitij.
_9132037
245 _aInsurance for everyone /
_cBy Kshitij Patukale.
250 _a1st ed.
260 _aNew Delhi :
_bMacmillan India Ltd ,
_c2009.
300 _axvi,310p. ;
_bPB
_c21.2 cm
650 _aInsurance(368)
_9132038
651 _aGeneral insurance
_9132039
651 _aConcepts of investment
_9132040
651 _aRelated useful information
_9132041
942 _2ddc
_cBK
_e1st
_k368.3 PATK
999 _c206206
_d206206